Dwukolorowe flagi - nagła śmierć - Statystyki

Ogólne statystyki
  • Ten quiz został rozwiązany 9 189 razy
  • Średni wynik to 17 z 26
Answers on the Grid
Answers color-coded by a green-red scale on the quiz's grid according to % correct below.
Albania
Arabia Saudyjska
Argentyna
Austria
Bahrajn
Bangladesz
Botswana
Chiny
Dania
Finlandia
Grecja
Gruzja
Indie
Indonezja
Izrael
Japonia
Kanada
Laos
Maroko
Monako
Nigeria
Norwegia
Pakistan
Polska
Salwador
San Marino
Singapur
Sri Lanka
Szwajcaria
Szwecja
Trynidad i Tobago
Tunezja
Turcja
Ukraina
Watykan
Wietnam
 
Statystyki odpowiedzi
Odpowiedź % Poprawnych
Albania
84%
Austria
81%
Chiny
79%
Dania
77%
Japonia
77%
Finlandia
75%
Grecja
75%
Arabia Saudyjska
74%
Kanada
72%
Bangladesz
69%
Polska
69%
Monako
68%
Izrael
67%
Gruzja
65%
Indonezja
65%
Ukraina
63%
Turcja
60%
Szwajcaria
59%
Maroko
58%
Szwecja
57%
Nigeria
56%
Bahrajn
55%
Wietnam
49%
Tunezja
48%
Singapur
44%
Pakistan
42%
Nie znaleziono quizów pasujących do podanych kryteriów
Rozkład punktacji
Procent ludzi z każdym wynikiem
Percentyl według liczby udzielonych odpowiedzi
Twoja historia wyników
Nie rozwiązałeś tego quizu